01413nam a2200349Ia 4500001001200000003000800012006001900020007001500039008004100054020001800095020002200113020002500135020002200160020002500182040002100207035002100228050002600249082001400275245013500289260008200424300001900506504006600525533015200591650003300743650004900776650002600825655002900851700002300880710001700903856012600920999001701046ebr10229862CaPaEBRm u cr cn|||||||||070820s2007 enka sb 001 0 eng d z9780335235179 z0335220541 (hbk.) z9780335220540 (hbk.) z0335220533 (pbk.) z9780335220533 (pbk.) aCaPaEBRcCaPaEBR a(OCoLC)56836060414aBF637.C45bK46 2007eb04a302.222200aKey themes in interpersonal communicationh[electronic resource] :bculture, identities and performance /cAnne Hill ... [et al.]. aMaidenhead, England ;aNew York :bMcGraw Hill/Open University Press,cc2007. a217 p. :bill. aIncludes bibliographical references (p. [190]-199) and index. aElectronic reproduction.bPalo Alto, Calif. :cebrary,d2009.nAvailable via World Wide Web.nAccess may be limited to ebrary affiliated libraries. 0aInterpersonal communication. 0aInterpersonal communicationxSocial aspects. 0aIdentity (Psychology) 7aElectronic books.2local1 aHill, Anne,d1952-2 aebrary, Inc.40uhttp://site.ebrary.com/lib/rucke/Doc?id=10229862zAn electronic book accessible through the World Wide Web; click to view c39143d39143